00293nam a2200121Ia 4500008004100000020001500041041001200056082002400068100002300092245002100115260002700136300000800163231217s9999 xx 000 0 und d a8177223496 aEnglish a658.076 VAI1;2 R1 aVaishnav, Jagdee,I 0aCracking the CAT c2004bICFAIaHyderabad a768